Представление документа в формате RUSMARC

ПолеНазваниеЗначение
  Тип записи a
  Библиографический уровень c
001 Контрольный номер RU/IS/BASE/296310400
005 Дата корректировки 20211022101652.5
010 Индекс ISBN __
d Цена 0-50
100 Данные общей обработки __
a Данные общей обработки 20211022d1990 m y0rusy028902 ca
101 Язык документа 0_
a Язык текста rus
c Язык оригинала rus
102 Страна публикации __
a Страна публикации RU
105 Кодированные данные (монография) __
a Кодированные данные (монография) a z 000ay
181 Поле кодированных данных: вид содержания _0
a Код вида содержания (ISBD) i
182 Поле кодированных данных: тип средства _0
a Код типа средства (ISBD) n
200 Заглавие и сведения об ответственности 1_
a Заглавие Первая любовь
e Сведения, относящиеся к заглавию повести
f Первые сведения об ответственности И. С. Тургенев ; худож. К. Клементьева
b Общее обозначение материала Текст
210 Выходные данные 1_
a Место издания М.
c Издательство Дет. лит.
d Дата издания 1990
215 Физическое описание __
a Объем 112 с.
c Иллюстрации/тип воспроизводства ил.
225 Серия 2_
a Серия Школьная библиотека для нерусских школ
606 Тематические рубрики __
a Основная рубрика Художественная литература
606 Тематические рубрики __
a Основная рубрика Русская литература XIX в. (произведения)
610 Ключевые слова 0_
a Ключевые слова детская литература; повести
686 Индексы других классификаций __
a Классификационный индекс ст84(2Рос=Рус)1-4
700 Автор _1
a Фамилия Тургенев
b Имя И. С.
4 Код отношения 070
702 Вторичная интеллектуальная ответственность _1
a Фамилия Клементьева
b Имя К.
4 Код отношения Художник
801 Источник записи _0
a Страна RU
b Организация Муниципальное бюджетное учреждение культуры "Централизованная библиотечная система" г. Сургут (Центральная городская библиотека им. А. С. Пушкина)
g Правила каталогизации КиК/Уланова
801 Источник записи _1
a Страна RU
b Организация Муниципальное бюджетное учреждение культуры "Централизованная библиотечная система" г. Сургут (Центральная городская библиотека им. А. С. Пушкина)
g Правила каталогизации КиК/Уланова
852 Данные о местонахождении __
j Шифр хранения ст84(2Рос=Рус)1-4
i Авторский знак Т 87
p Инвентарный номер 41410
901 Тип документа __
t Тип документа x
903 Характеристики (МАРС) __
a Дата передачи 20090522
969 Тип издания __
a Тип издания сборник
990 Данные о заказе (DOS) __
j Количество экземпляров (DOS) 1
t N записи в КСУ для И/У (DOS) ретро 2